[Event "GER-chT U14"]
[Site "Verden"]
[Date "2015.12.27"]
[Round "2.4"]
[White "Mallon, Frederik"]
[Black "Niebur, Thorben Carl"]
[Result "1/2-1/2"]
[WhiteElo "1397"]
[BlackElo "1193"]
[PlyCount "76"]
[EventDate "2015.12.27"]
[EventType "team-swiss"]
[EventRounds "7"]
[EventCountry "GER"]
[SourceTitle "EXT 2017"]
[Source "ChessBase"]
[SourceDate "2016.10.25"]
[SourceVersion "1"]
[SourceVersionDate "2016.10.25"]
[SourceQuality "1"]
[WhiteTeam "Coswig"]
[BlackTeam "Erfurt Empor"]
[WhiteTeamCountry "GER"]
[BlackTeamCountry "GER"]

1. d4 d5 2. c4 c6 3. Nf3 Nf6 4. Bg5 Nbd7 5. e3 Ne4 6. Bf4 Qa5+ 7. Nbd2 Nxd2 8. Qxd2 Qxd2+ 9. Nxd2 f6 10. cxd5 cxd5 11. Bb5 a6 12. Ba4 b5 13. Bb3 e6 14. a3 Nb6 15. Bc2 Bd7 16. b3 Rc8 17. Ra2 Bxa3 18. 0-0 b4 19. Nb1 0-0 20. Bd6 Rfe8 21. Nxa3 bxa3 22. Bc5 Rc6 23. Rxa3 Bc8 24. Bd3 Na8 25. b4 Nc7 26. Ra5 Bb7 27. Rfa1 Ra8 28. e4 Kf7 29. exd5 exd5 30. Re1 Re6 31. Rxe6 Kxe6 32. Bxh7 f5 33. Bb6 Nb5 34. Bg6 Rh8 35. g4 Nd6 36. Bxf5+ Nxf5 37. gxf5+ Kxf5 38. Rc5 Rc8 1/2-1/2